000 00656nam a2200217 i 4500
001 86355
003 ES-MaACL
005 20250808022125.0
007 t|
008 041209s1957 sp ||||1| spa d
100 1 _aKesselring, A.
_967952
245 1 0 _aReflexiones sobre la Segunda Guerra Mundial /
_cA. Kesselring ; [versión española de Manuel Picos].
250 _a[1ª ed.].
260 _aBarcelona :
_bLuis de Caralt,
_c[1957]
300 _a254 p. ;
_c20 cm.
490 1 _aLa vida vivida
700 1 _aPicos, Manuel.
_991881
830 0 3 _aLa vida vivida
_9180877
852 _aES-MaACL
_jC-13577
_bR.40869
999 _c86355
_d86355